Reference and information services : (Record no. 117)

000 -LEADER
fixed length control field 01047cam a2200313 a 4500
001 - CONTROL NUMBER
control field 12364947
003 - CONTROL NUMBER IDENTIFIER
control field OSt
005 - DATE AND TIME OF LATEST TRANSACTION
control field 20140116120819.0
008 - FIXED-LENGTH DATA ELEMENTS--GENERAL INFORMATION
fixed length control field 010330s2001 couab b 001 0 eng
010 ## - LIBRARY OF CONGRESS CONTROL NUMBER
LC control number 2001267851
020 ## - INTERNATIONAL STANDARD BOOK NUMBER
International Standard Book Number 9781563086243
035 ## - SYSTEM CONTROL NUMBER
System control number (OCoLC)ocm45678145
040 ## - CATALOGING SOURCE
Original cataloging agency WID
Transcribing agency WID
Modifying agency MNM
-- DLC
042 ## - AUTHENTICATION CODE
Authentication code lccopycat
050 00 - LIBRARY OF CONGRESS CALL NUMBER
Classification number Z711.B67 2001
245 00 - TITLE STATEMENT
Title Reference and information services :
Remainder of title an introduction /
Statement of responsibility, etc general editors, Richard E. Bopp, Linda C. Smith.
250 ## - EDITION STATEMENT
Edition statement 3rd ed.
260 ## - PUBLICATION, DISTRIBUTION, ETC. (IMPRINT)
Place of publication, distribution, etc Englewood, Colo. :
Name of publisher, distributor, etc Libraries Unlimited,
Date of publication, distribution, etc 2001.
300 ## - PHYSICAL DESCRIPTION
Extent xxiv, 617 p. :
Other physical details ill., maps ;
Dimensions 26 cm.
440 #0 - SERIES STATEMENT/ADDED ENTRY--TITLE
Title Library and information science text series
504 ## - BIBLIOGRAPHY, ETC. NOTE
Bibliography, etc Includes bibliographical references and indexes.
650 #0 - SUBJECT ADDED ENTRY--TOPICAL TERM
Topical term or geographic name as entry element Reference services (Libraries)
650 #0 - SUBJECT ADDED ENTRY--TOPICAL TERM
Topical term or geographic name as entry element Information services.
700 1# - ADDED ENTRY--PERSONAL NAME
Personal name Bopp, Richard E.
700 1# - ADDED ENTRY--PERSONAL NAME
Personal name Smith, Linda C.
906 ## - LOCAL DATA ELEMENT F, LDF (RLIN)
a 7
b cbc
c copycat
d 2
e ncip
f 20
g y-gencatlg
942 ## - ADDED ENTRY ELEMENTS (KOHA)
Source of classification or shelving scheme
Koha item type Book
Holdings
Withdrawn status Lost status Source of classification or shelving scheme Damaged status Not for loan Home library Current library Date acquired Source of acquisition Total Checkouts Total Renewals Full call number Barcode Date last seen Date checked out Copy number Price effective from Koha item type
          Riara University Library Riara University Library 07/10/2011 Purchase 1 1 Z711.B67 2001 2876/11 15/03/2014 14/01/2014 C.2 07/10/2011 Book
          Riara University Library Riara University Library 07/10/2011 Purchase 3   Z711.B67 2001 2877/11 21/06/2017 31/05/2017 C.3 07/10/2011 Book
          Riara University Library Riara University Library 07/10/2011 Purchase     Z711.B67 2001 2878/11 07/10/2011   C.1 07/10/2011 Book

Riara University Library,
P.O. Box 49940-00100,
Nairobi, Kenya.